00420nam a2200133 a 4500008004100000050001600041100001700057245010300074260003400177300001500211350000900226650001300235650003800248120416s1975 ||||||||||||||||| || u aHF 5391 Aut aBrooks, John14aThe autobiography of American business: the story told by those who make itcedited by John Brooks aNew York:bAnchor Booksc1975 axxi, 369p. a0.00 0aBUSINESS aAUTOBIOGRAPGHY, AMERICAN BUSINESS